|
|
|
|
| LEADER |
00000nam0a2200000 4500 |
| 001 |
196410 |
| 005 |
20231101224705.0 |
| 010 |
|
|
|a 9785955801889
|
| 010 |
|
|
|a 978-5-16-004610-5
|
| 035 |
|
|
|a (RuTPU)RU\TPU\book\214272
|
| 090 |
|
|
|a 196410
|
| 100 |
|
|
|a 20110524d2011 m y0rusy50 ca
|
| 101 |
0 |
|
|a rus
|
| 102 |
|
|
|a RU
|
| 105 |
|
|
|a a j 001zy
|
| 200 |
1 |
|
|a Деловые игры по формированию экономических компетенций
|e учебное пособие для вузов
|f В. О. Евсеев
|
| 210 |
|
|
|a Москва
|c Инфра-М
|c Вузовский учебник
|d 2011
|
| 215 |
|
|
|a 254 с.
|c ил.
|e Прилож.: CD-ROM
|
| 225 |
1 |
|
|a Вузовский учебник
|
| 320 |
|
|
|a Библиогр.: с. 248-251.
|
| 320 |
|
|
|a Глоссарий: с. 245-247.
|
| 330 |
|
|
|a Деловые игры являются активной формой приобретения социально-экономической компетентности. В учебном пособии рассмотрены компьютерные деловые игры, а также те дисциплины, которые являются составной частью деловых игр: теория и методология формирования компетентности; теория принятия решений; теория и методология формирования экономического мышления; теория и методология построения деловых игр. В последней главе приведены разработанные компьютерные деловые игры, способствующие формированию социально-экономической компетентности: "Экономические основы жизненных сил молодежи", "Разработка бизнес-планов молодежных проектов", "Планирование бюджета молодой семьи", "Экономические механизмы развития молодежного потенциала". Основу деловых игр составляют социоэкономические зависимости, что позволяет в диалоговом режиме рассматривать как реальные, так и любые исследовательские и гипотетические ситуации, предназначенные для развития экономического мышления и экономических компетенций. Для специалистов по работе с молодежью, студентов, аспирантов, преподавателей и представителей других профильных социальных специальностей — социальных работников, экономистов, управленцев, социолога
|
| 606 |
1 |
|
|a Деловые игры
|x Экономика
|x Управление
|2 stltpush
|3 (RuTPU)RU\TPU\subj\38809
|9 59092
|
| 610 |
1 |
|
|a экономика
|
| 610 |
1 |
|
|a экономические компетенции
|
| 610 |
1 |
|
|a классификация
|
| 610 |
1 |
|
|a управленческие решения
|
| 610 |
1 |
|
|a методология
|
| 610 |
1 |
|
|a экономическое мышление
|
| 610 |
1 |
|
|a ролевые игры
|
| 610 |
1 |
|
|a структурный анализ
|
| 610 |
1 |
|
|a разработка
|
| 610 |
1 |
|
|a проведение
|
| 610 |
1 |
|
|a практика
|
| 610 |
1 |
|
|a примеры
|
| 610 |
1 |
|
|a учебные пособия
|
| 610 |
1 |
|
|a CD-ROM
|
| 686 |
|
|
|a У9(2)212.8я73
|v LBC/SL-A
|2 rubbk
|
| 700 |
|
1 |
|a Евсеев
|b В. О.
|g Вадим Олегович
|
| 801 |
|
1 |
|a RU
|b 63413507
|c 20110524
|
| 801 |
|
2 |
|a RU
|b 63413507
|c 20230221
|g RCR
|
| 900 |
|
|
|a Деловое общение
|
| 942 |
|
|
|c BK
|
| 951 |
|
|
|b 040400
|
| 959 |
|
|
|a 44/20110427
|d 1
|e 269,90
|f ЧЗГЛ:1
|